01474nam a22002897a 450000500170000000800410001702000310005802000240008902000240011305000240013711100810016124500120024225000110025426001220026530000250038750000820041250000570049450400280055150501360057965100570071565100910077265100580086365100560092165100890097771000710106671000470113720250904132121.0250904b mx ||||| |||| 00| 0 spa d a9686287205 (Obra completa) a968628706X (Tomo 2) a9686287213 (Tomo 1)04aHC137.M58bC65 19922 aCOLEF (Conferencia) n(1ª : d1990 : cTijuana, Baja California, México).10aCOLEF I a1a ed. a[Tijuana] :bEl Colegio de la Frontera Norte ;a[Ciudad Juárez] :bUniversidad Autónoma de Ciudad Juárez,c1992 a8v. :bil. ;c22 cm. aDocumentos presentados en la reunión realizada en Tijuana, Oct. 25-27, 1990 aLa biblioteca solo cuenta con el volumen I, II y III aIncluye bibliografías a tV. 1 Economía fronteriza y libre comercio --tV. 2 Industria Maquiladora y mercados laborales --tV. 3 Frontera y migraciones 4aMéxico, NortexCondiciones económicasvCongresos 4aRegión fronteriza de México y Estados UnidosxCondiciones económicas vCongresos 4aMéxico, Norte xCondiciones sociales vCongresos 4aMéxico, Norte xPolítica y gobierno vCongresos 4aRegión fronteriza de México y Estados Unidos xPolítica y gobierno vCongresos2 aColegio de la Frontera Norte (Tijuana, Baja California, México).2 aUniversidad Autónoma de Ciudad Juárez.